[Event "Lichtenberger Sommer 2024"]
[Site "Berlin"]
[Date "2024.08.15"]
[Round "6.1"]
[White "Torosyan, Bagrat"]
[Black "Yatskar, Martin"]
[Result "0-1"]
[WhiteElo "2126"]
[BlackElo "2115"]
[PlyCount "162"]
[EventDate "2024.08.10"]
[WhiteTeam "TSG Oberschöneweide e.V."]
[BlackTeam "SK König Tegel 1949 e.V."]

1. e4 e5 2. Nf3 Nc6 3. Bc4 Nf6 4. d3 Bc5 5. c3 d6 6. Nbd2 a5 7. Bb3 O-O 8. O-O
Be6 9. Bc2 h6 10. h3 d5 11. Ba4 Qd6 12. Bxc6 Qxc6 13. Nxe5 Qa6 14. d4 Bd6 15.
exd5 Bxd5 16. Ndf3 a4 17. Be3 b5 18. Qe2 Qb7 19. Rfd1 Rfe8 20. Qf1 Rad8 21. b3
Be4 22. c4 bxc4 23. bxc4 Ba3 24. Bc1 Bd6 25. Be3 Qa8 26. c5 Bf8 27. Rac1 Nd5
28. Nd2 Nxe3 29. fxe3 Bd5 30. Rc2 g6 31. Qf2 Bg7 32. Nef3 Re7 33. Nb1 Rde8 34.
Re2 Qa5 35. Rde1 a3 36. Rd1 Rb8 37. Qe1 Qa6 38. Qf2 Rbe8 39. Nc3 Ba8 40. Rde1
Qd3 41. Nd1 Qa6 42. Nc3 Qc4 43. Rc2 Qa6 44. Qe2 Qc8 45. e4 Kh7 46. Qd3 Rd8 47.
Rd2 Bb7 48. Rdd1 Ba6 49. Qe3 Bc4 50. e5 Qe6 51. Qc1 Qa6 52. d5 Qa5 53. Qe3 f6
54. Qd4 Qa6 55. d6 cxd6 56. exf6 Rxe1+ 57. Rxe1 Bf8 58. Ne5 Re8 59. cxd6 Bxd6
60. Re4 Be6 61. Nc4 Bb8 62. Kh1 Ba7 63. Qe5 Qc6 64. Qd6 Qc8 65. Nb6 Qxc3 66.
Rxe6 Qc1+ 67. Kh2 Bb8 68. Re7+ Rxe7 69. Qxb8 Qc7+ 70. Qxc7 Rxc7 71. Nd5 Rd7 72.
Nc3 Kg8 73. Nb5 Rd3 74. Kg1 Kf7 75. Kf1 Rd1+ 76. Ke2 Ra1 77. Nc3 Kxf6 78. Kd3
Kf5 79. Kc4 Kf4 80. Kb3 Kg3 81. Ne2+ Kf2 0-1

[Event "Lichtenberger Sommer 2024"]
[Site "Berlin"]
[Date "2024.08.15"]
[Round "6.2"]
[White "Moser, Axel"]
[Black "Tschernatsch, Johannes"]
[Result "1-0"]
[WhiteElo "2097"]
[BlackElo "2264"]
[PlyCount "63"]
[EventDate "2024.08.10"]
[WhiteTeam "SC Freibauer Hofstetten"]
[BlackTeam "SV Babelsberg 03 e.V."]

1. d4 Nf6 2. c4 e6 3. Nf3 d5 4. Nc3 Be7 5. Bf4 O-O 6. e3 c5 7. dxc5 Bxc5 8. Qc2
Nc6 9. a3 Qa5 10. O-O-O Be7 11. h4 dxc4 12. Bxc4 a6 13. Ng5 h6 14. g4 Qc5 15.
Nce4 Nxe4 16. Nxe4 Qa5 17. Ng5 hxg5 18. hxg5 f5 19. gxf6 Rxf6 20. Rh5 b5 21.
Qh7+ Kf7 22. Rg5 Bf8 23. Bd3 Ne7 24. Be5 Bb7 25. Qh5+ g6 26. Qh7+ Ke8 27. Bxf6
Rc8+ 28. Kb1 Bd5 29. Bxg6+ Nxg6 30. Qxg6+ Kd7 31. Rgxd5+ exd5 32. Qf7+ 1-0

[Event "Lichtenberger Sommer 2024"]
[Site "Berlin"]
[Date "2024.08.15"]
[Round "6.3"]
[White "Bui, Bao Anh Le"]
[Black "Das, Soham"]
[Result "1-0"]
[WhiteElo "2177"]
[BlackElo "2334"]
[PlyCount "99"]
[EventDate "2024.08.10"]
[WhiteTeam "SV Mattnetz Berlin e.V."]
[BlackTeam "SK Tarrasch 1945 München"]

1. e4 g6 2. d4 Bg7 3. Nc3 c5 4. d5 d6 5. Be2 Nf6 6. Nf3 O-O 7. O-O Na6 8. Nd2
Nc7 9. a4 e6 10. Nc4 exd5 11. exd5 Re8 12. Bf3 b6 13. Bf4 Bf8 14. Re1 Rxe1+ 15.
Qxe1 Ba6 16. Ne3 Bg7 17. Qd2 Qd7 18. h3 h5 19. g4 hxg4 20. hxg4 Re8 21. Kg2 Bb7
22. Rh1 b5 23. g5 Nh5 24. Bxh5 gxh5 25. f3 Rxe3 26. Bxe3 Bxc3 27. bxc3 Nxd5 28.
Kg3 Qf5 29. Bf4 bxa4 30. c4 Nxf4 31. Qxf4 Qxf4+ 32. Kxf4 Kg7 33. Rxh5 Ba6 34.
Rh6 Bxc4 35. Rxd6 a3 36. Rd1 Kg6 37. Rg1 Be6 38. Ke5 Bf5 39. Ra1 Bxc2 40. f4 a5
41. Rxa3 a4 42. Rc3 Bb3 43. Rxc5 a3 44. Ra5 a2 45. Ra6+ Kh5 46. Kf6 Kg4 47. f5
Kf4 48. Ra3 Ke4 49. g6 fxg6 50. Kxg6 1-0

[Event "Lichtenberger Sommer 2024"]
[Site "Berlin"]
[Date "2024.08.15"]
[Round "6.4"]
[White "Hesse, Henrik"]
[Black "Pixa, Richard"]
[Result "1/2-1/2"]
[WhiteElo "2313"]
[BlackElo "2099"]
[PlyCount "214"]
[EventDate "2024.08.10"]
[WhiteTeam "SV Mattnetz Berlin e.V."]
[BlackTeam "SV Mattnetz Berlin e.V."]

1. c4 e6 2. g3 d5 3. Bg2 Nf6 4. Nf3 dxc4 5. Qa4+ Nbd7 6. Qxc4 a6 7. Qc2 c5 8.
d3 Qc7 9. a4 b6 10. O-O Bb7 11. Na3 Be7 12. Nc4 Nd5 13. b3 O-O 14. Bb2 Bf6 15.
Rfc1 Rfd8 16. Bxf6 N7xf6 17. a5 b5 18. Nb6 Nxb6 19. axb6 Qxb6 20. Qxc5 Qxc5 21.
Rxc5 Rdc8 22. Rxc8+ Rxc8 23. Nd4 Nd5 24. b4 Rc3 25. Bxd5 Bxd5 26. f4 Bb7 27.
Kf2 Kf8 28. Ke3 Ke7 29. Kd2 Rc7 30. Nb3 f6 31. Nc5 Bc8 32. d4 Kd6 33. e4 e5 34.
fxe5+ fxe5 35. d5 Ra7 36. Nb3 Rf7 37. Rc1 Rc7 38. Rc5 Bg4 39. Ke3 h5 40. Kf2
Bh3 41. Kf3 Bg4+ 42. Kg2 Bc8 43. h4 Bd7 44. Kf3 Bg4+ 45. Ke3 g6 46. Kd3 Bc8 47.
Kc3 Bd7 48. Rxc7 Kxc7 49. Na5 Kb6 50. Kd2 Kc7 51. Ke3 Kd6 52. Kf3 Bg4+ 53. Kf2
Bd7 54. Nb3 Bc8 55. Kg2 Bg4 56. Nc5 Bc8 57. Nd3 Bg4 58. Kf2 Bc8 59. Ke3 Bd7 60.
Nf2 Bg4 61. Kd2 Bf3 62. Kd3 Bg4 63. Ke3 Kc7 64. Nd3 Kd6 65. Kd2 Bc8 66. Kc3 Bg4
67. Nc5 Bc8 68. Nb3 Kc7 69. Nc1 Bg4 70. Kd2 Kd6 71. Ke3 Bd7 72. Nd3 Bc8 73. Ne1
Bg4 74. Nd3 Bc8 75. Nc1 Bd7 76. Nb3 Bc8 77. Na5 Bd7 78. Kf2 Kc7 79. Kg2 Kd6 80.
Nb7+ Kc7 81. Nc5 Bc8 82. g4 hxg4 83. Kg3 Kd6 84. Nd3 Bd7 85. Nf2 a5 86. bxa5 b4
87. Nd3 b3 88. a6 Kc7 89. a7 Kb7 90. Nc5+ Kxa7 91. Nxb3 Kb6 92. Kf2 Ba4 93. Nc1
Kc5 94. Ke3 Bc2 95. Nd3+ Kd6 96. Ne1 Bb1 97. Ng2 Kc5 98. Ne1 Kd6 99. Nd3 Bc2
100. Nb2 Kc5 101. Nd3+ Kd6 102. Ne1 Bb1 103. Ng2 Kc5 104. Ne1 Kd6 105. Nd3 Bc2
106. Nb2 Kc5 107. Nd3+ Kd6 1/2-1/2

[Event "Lichtenberger Sommer 2024"]
[Site "Berlin"]
[Date "2024.08.15"]
[Round "6.5"]
[White "Ross, Chris N"]
[Black "Guenther, Thomas"]
[Result "0-1"]
[WhiteElo "2171"]
[BlackElo "1996"]
[PlyCount "88"]
[EventDate "2024.08.10"]
[WhiteTeam "Hillsborough Chess Club"]
[BlackTeam "vereinslos"]

1. e4 c5 2. Nf3 e6 3. d4 cxd4 4. Nxd4 Nf6 5. Nc3 d6 6. g3 a6 7. Bg2 Be7 8. O-O
O-O 9. Be3 Qc7 10. h3 Nc6 11. f4 Bd7 12. Nb3 Na5 13. Nxa5 Qxa5 14. Qd2 Qc7 15.
g4 Bc6 16. g5 Nd7 17. f5 Rfe8 18. f6 Bf8 19. Rad1 Ne5 20. Bd4 Red8 21. Qf2 Rdc8
22. Bb6 Qb8 23. b3 Be8 24. Bd4 Qc7 25. Rd2 b5 26. Ne2 Rab8 27. fxg7 Bxg7 28.
Ng3 Qe7 29. Qe3 f6 30. gxf6 Bxf6 31. Rdf2 Bg7 32. Kh2 Bg6 33. c3 Rf8 34. Rxf8+
Rxf8 35. Rxf8+ Qxf8 36. Ne2 Qf6 37. Nf4 Bh6 38. Nd5 Qg7 39. Ne7+ Kf7 40. Nxg6
Bxe3 41. Nxe5+ dxe5 42. Bxe3 Qf8 43. c4 bxc4 44. bxc4 Qa3 0-1

[Event "Lichtenberger Sommer 2024"]
[Site "Berlin"]
[Date "2024.08.15"]
[Round "6.6"]
[White "Matthes, Aaron"]
[Black "Tomin, Bogdan"]
[Result "1-0"]
[WhiteElo "2174"]
[BlackElo "2072"]
[PlyCount "65"]
[EventDate "2024.08.10"]
[WhiteTeam "SC Kreuzberg e.V."]
[BlackTeam "SF Berlin 1903 e.V."]

1. d4 f5 2. c4 Nf6 3. Nf3 g6 4. g3 Bg7 5. Bg2 O-O 6. O-O d6 7. Nc3 Qe8 8. Re1
Qf7 9. e4 fxe4 10. Nxe4 Nc6 11. Neg5 Qxc4 12. b3 Qd5 13. Bb2 Bg4 14. Qd3 Bf5
15. Qe2 Bg4 16. Qe3 Bh6 17. Ne5 Qa5 18. Nxg4 Bxg5 19. Qe6+ Kg7 20. d5 Ne5 21.
Nxe5 dxe5 22. Qxe5 Qd2 23. h4 Bh6 24. Qxe7+ Kg8 25. Qe6+ Kg7 26. Re2 Qb4 27.
Rae1 Qd6 28. Rc2 Kh8 29. Qxd6 cxd6 30. Rc7 Kg8 31. Bh3 Bg7 32. Ree7 Ne8 33.
Be6+ 1-0

[Event "Lichtenberger Sommer 2024"]
[Site "Berlin"]
[Date "2024.08.15"]
[Round "6.7"]
[White "Reichmann, Felix"]
[Black "Herms Agullo, Jordi"]
[Result "1/2-1/2"]
[WhiteElo "2171"]
[BlackElo "2043"]
[PlyCount "81"]
[EventDate "2024.08.10"]
[WhiteTeam "SV Empor Berlin e.V."]
[BlackTeam "Granollers Chess Club"]

1. c4 e5 2. Nc3 Bb4 3. Nd5 a5 4. a3 Bc5 5. e3 c6 6. d4 Ba7 7. Nc3 exd4 8. exd4
d5 9. c5 Na6 10. Bxa6 bxa6 11. Bf4 Ne7 12. Nge2 O-O 13. O-O Re8 14. Re1 Bb8 15.
Na4 Bxf4 16. Nxf4 Bf5 17. Nb6 Rb8 18. Qa4 Qc7 19. Nh5 Bg4 20. Ng3 h5 21. h3 h4
22. Nf1 Bf5 23. Qxa5 Ng6 24. Rxe8+ Rxe8 25. Re1 Rxe1 26. Qxe1 Nf4 27. Qe8+ Kh7
28. Nd2 Be6 29. Na8 Nxh3+ 30. gxh3 Qf4 31. Nf1 Qg5+ 32. Kh2 Qf4+ 33. Kg1 Qg5+
34. Kh1 Qc1 35. Kg2 Bxh3+ 36. Kxh3 Qxf1+ 37. Kg4 Qg2+ 38. Kxh4 Qxf2+ 39. Kh3
Qf3+ 40. Kh2 Qf2+ 41. Kh1 1/2-1/2

[Event "Lichtenberger Sommer 2024"]
[Site "Berlin"]
[Date "2024.08.15"]
[Round "6.8"]
[White "Jahn, Thomas"]
[Black "Lange, Malina"]
[Result "0-1"]
[WhiteElo "2165"]
[BlackElo "1859"]
[PlyCount "88"]
[EventDate "2024.08.10"]
[WhiteTeam "SV Empor Berlin e.V."]
[BlackTeam "SV Mattnetz Berlin e.V."]

1. e4 c5 2. Nf3 d6 3. d4 cxd4 4. Nxd4 Nf6 5. Nc3 a6 6. Be2 e5 7. Nb3 Be7 8. Be3
Be6 9. Nd5 Nbd7 10. Qd3 O-O 11. a4 Bxd5 12. exd5 Rc8 13. c4 a5 14. g4 e4 15.
Qd2 Ne5 16. Nxa5 Nfxg4 17. Bxg4 Nxg4 18. Bf4 Qb6 19. Rg1 Nxf2 20. Qxf2 Bh4 21.
Bg3 Qxa5+ 22. Kf1 Bxg3 23. Qxg3 g6 24. b3 Qc5 25. Rc1 Rce8 26. Qc3 Re5 27. Ke2
Rf5 28. Qe3 Qxe3+ 29. Kxe3 Re8 30. Rg3 Rh5 31. b4 Rxh2 32. c5 dxc5 33. bxc5 Ra2
34. Rc4 Ra3+ 35. Kf4 Rxg3 36. Kxg3 f5 37. Kf4 e3 38. a5 e2 39. Rc1 e1=Q 40.
Rxe1 Rxe1 41. a6 bxa6 42. c6 Re4+ 43. Kf3 Rc4 44. Ke3 Kf7 0-1

[Event "Lichtenberger Sommer 2024"]
[Site "Berlin"]
[Date "2024.08.15"]
[Round "6.9"]
[White "Pererva, Viktor"]
[Black "Petersen, Soren Boeck"]
[Result "0-1"]
[WhiteElo "2100"]
[BlackElo "2156"]
[PlyCount "116"]
[EventDate "2024.08.10"]
[WhiteTeam "SV Mattnetz Berlin e.V."]
[BlackTeam "vereinslos"]

1. c4 e5 2. g3 Nf6 3. Bg2 Nc6 4. Nc3 Bc5 5. Nf3 d6 6. O-O O-O 7. e3 a6 8. b3
Re8 9. h3 Bf5 10. d4 Ba7 11. dxe5 dxe5 12. Qxd8 Raxd8 13. Ba3 Rd3 14. Rac1 Bb6
15. Rfd1 Rxd1+ 16. Rxd1 Ba5 17. Bb2 h6 18. g4 Bc2 19. Rc1 Bxc3 20. Bxc3 Be4 21.
Rd1 Kf8 22. Ne1 Bxg2 23. Kxg2 Ke7 24. f4 Nd7 25. Nf3 f6 26. Nh4 Rd8 27. fxe5
Ndxe5 28. Nf5+ Kf7 29. Rxd8 Nxd8 30. Bxe5 fxe5 31. Kf3 Ne6 32. Ke4 Ng5+ 33.
Kxe5 Nxh3 34. e4 Nf2 35. Ne3 g6 36. Kd5 h5 37. gxh5 gxh5 38. Ng2 Ke7 39. Nh4
Nd3 40. a3 Kf6 41. Nf3 Nf4+ 42. Kd4 Ne6+ 43. Kd5 Nf4+ 44. Kd4 Ng6 45. b4 h4 46.
Kc5 h3 47. b5 Ne5 48. Nh2 Kg5 49. bxa6 bxa6 50. a4 Kf4 51. Nf1 Kxe4 52. Nh2 Kf4
53. Nf1 Kf3 54. Kd5 Ng4 55. Kc6 Kg2 56. Nh2 Kxh2 57. Kxc7 Kg3 58. c5 h2 0-1

[Event "Lichtenberger Sommer 2024"]
[Site "Berlin"]
[Date "2024.08.15"]
[Round "6.10"]
[White "Witte, Ronald"]
[Black "Niehaus, Frank"]
[Result "1/2-1/2"]
[WhiteElo "1972"]
[BlackElo "2120"]
[PlyCount "117"]
[EventDate "2024.08.10"]
[WhiteTeam "BSV 63 Chemie Weißensee"]
[BlackTeam "SK König Tegel 1949 e.V."]

1. Nf3 Nf6 2. c4 g6 3. Nc3 Bg7 4. e4 d6 5. d4 O-O 6. Be2 e5 7. d5 a5 8. Bg5 h6
9. Be3 Ng4 10. Bd2 f5 11. exf5 gxf5 12. h3 Nf6 13. g3 Na6 14. Be3 Qe8 15. a3
Bd7 16. Rb1 a4 17. b4 axb3 18. Qxb3 b6 19. Kf1 Nc5 20. Bxc5 dxc5 21. Nb5 Bxb5
22. cxb5 Kh7 23. Kg2 Ne4 24. Rhd1 Nd6 25. Nd2 e4 26. Nc4 f4 27. f3 Nxc4 28.
Bxc4 fxg3 29. Rf1 Qe5 30. Qe3 Rxf3 31. Rxf3 exf3+ 32. Qxf3 Rf8 33. Qd3+ Kh8 34.
Rf1 Rxf1 35. Qxf1 Qe4+ 36. Kxg3 Be5+ 37. Kf2 Qh4+ 38. Kg1 Qg3+ 39. Qg2 Qxa3 40.
Qg4 Qe3+ 41. Kg2 Qg5 42. Kf3 Qf6+ 43. Ke4 Bd6 44. Qc8+ Bf8 45. Qf5 Qd4+ 46. Kf3
Kg7 47. Bd3 Qf6 48. Kg4 Qxf5+ 49. Kxf5 Kf7 50. h4 Bd6 51. h5 Bg3 52. Kg4 Bh2
53. Kf5 Ke7 54. Bc4 Kd6 55. Ke4 Be5 56. Kf5 Bb2 57. Ke4 Ke7 58. Kf5 Bc3 59. Bd3
1/2-1/2

[Event "Lichtenberger Sommer 2024"]
[Site "Berlin"]
[Date "2024.08.15"]
[Round "6.11"]
[White "Amelang, Thomas"]
[Black "Kaushik, Siya"]
[Result "1/2-1/2"]
[WhiteElo "2106"]
[BlackElo "1608"]
[PlyCount "115"]
[EventDate "2024.08.10"]
[WhiteTeam "Münchener SC 1836 e.V."]
[BlackTeam "vereinslos"]

1. e4 e6 2. d4 d5 3. exd5 exd5 4. Bd3 Bd6 5. Nf3 Nf6 6. Bg5 O-O 7. O-O Bg4 8.
Nbd2 Nbd7 9. Re1 c6 10. c3 Qc7 11. Qc2 Bh5 12. h3 Bg6 13. Bxg6 hxg6 14. Re2 Nh5
15. Be7 Nf4 16. Re3 Rfe8 17. Bxd6 Qxd6 18. Rae1 Kf8 19. Ne5 Nxe5 20. dxe5 Qc5
21. Qa4 Ne6 22. Nf3 Rad8 23. Qh4 Kg8 24. Nd4 Qb6 25. b3 c5 26. Nxe6 Qxe6 27.
Rd1 Qf5 28. Rd2 g5 29. Qg4 Qxg4 30. hxg4 Kf8 31. Kf1 d4 32. cxd4 Rxd4 33. Rxd4
cxd4 34. Re4 d3 35. Ke1 Rc8 36. Ra4 a6 37. Rd4 Rc2 38. Rxd3 Rxa2 39. g3 Ke7 40.
Rc3 b5 41. f4 gxf4 42. gxf4 Rg2 43. Rc7+ Ke6 44. Rc6+ Kd5 45. Rc7 Rxg4 46. Rxf7
Ke6 47. Ra7 Rxf4 48. Rxa6+ Kxe5 49. Rg6 Rb4 50. Kd2 Rxb3 51. Rxg7 Kd4 52. Rg4+
Kc5 53. Kc2 Rh3 54. Kb2 Kb6 55. Rg2 Ka5 56. Rf2 Ka4 57. Rg2 b4 58. Rf2 1/2-1/2

[Event "Lichtenberger Sommer 2024"]
[Site "Berlin"]
[Date "2024.08.15"]
[Round "6.12"]
[White "Hoffmann, Kay"]
[Black "Nötzel, Felix"]
[Result "1-0"]
[WhiteElo "2001"]
[BlackElo "2168"]
[PlyCount "57"]
[EventDate "2024.08.10"]
[WhiteTeam "Barnimer SF im SV Sta"]
[BlackTeam "SF Berlin 1903 e.V."]

1. d4 Nf6 2. Nf3 c5 3. c3 e6 4. Bf4 Nc6 5. Nbd2 d5 6. e3 Be7 7. h3 O-O 8. Bd3
c4 9. Bc2 b5 10. a3 Bd7 11. O-O a5 12. e4 dxe4 13. Nxe4 Nxe4 14. Bxe4 f5 15.
Bc2 Bf6 16. Re1 Ne7 17. Bd6 Ra6 18. Bxe7 Bxe7 19. Ne5 Bc8 20. a4 Qd5 21. Qf3
Qxf3 22. gxf3 b4 23. Nxc4 bxc3 24. bxc3 Bb7 25. Bb3 Rc8 26. Rxe6 Rxe6 27. Nxa5
Rc7 28. Bxe6+ Kf8 29. Rb1 1-0

[Event "Lichtenberger Sommer 2024"]
[Site "Berlin"]
[Date "2024.08.15"]
[Round "6.13"]
[White "Sieglen, Joachim"]
[Black "Schäfer, Heiko"]
[Result "1-0"]
[WhiteElo "2113"]
[BlackElo "1962"]
[PlyCount "43"]
[EventDate "2024.08.10"]
[WhiteTeam "SC Untergrombach 46"]
[BlackTeam "Potsdamer SV Mitte e.V."]

1. d4 e6 2. e4 d5 3. Nc3 Nf6 4. e5 Nfd7 5. f4 c5 6. Nf3 Nc6 7. Ne2 f6 8. c3 Qb6
9. g3 cxd4 10. cxd4 Bb4+ 11. Bd2 fxe5 12. fxe5 O-O 13. Bg2 Ndxe5 14. dxe5 Nxe5
15. Nf4 Ng4 16. Qe2 Bd7 17. O-O-O Rfc8+ 18. Kb1 Ba3 19. Bc1 e5 20. Nxd5 Bf5+
21. Ka1 Qe6 22. Ng5 1-0

[Event "Lichtenberger Sommer 2024"]
[Site "Berlin"]
[Date "2024.08.15"]
[Round "6.14"]
[White "Schulz, Michael"]
[Black "Alten, Silvio"]
[Result "1-0"]
[WhiteElo "2109"]
[BlackElo "1948"]
[PlyCount "93"]
[EventDate "2024.08.10"]
[WhiteTeam "SC Zitadelle Spandau 1977 e.V."]
[BlackTeam "SV Mattnetz Berlin e.V."]

1. d4 d5 2. Bf4 Nf6 3. e3 e6 4. Nd2 Bd6 5. Bg3 O-O 6. Bd3 c5 7. c3 cxd4 8. exd4
a5 9. Ngf3 b6 10. a4 Ba6 11. Bxa6 Rxa6 12. Ne5 Ne8 13. O-O f6 14. Nd3 Bxg3 15.
hxg3 Ra7 16. Re1 Re7 17. Qb3 Qd6 18. c4 dxc4 19. Nxc4 Qxd4 20. Rad1 Qg4 21. Nf4
Nc7 22. Qxb6 e5 23. Ne3 Qc8 24. Nfd5 Nxd5 25. Nxd5 Rb7 26. Qxa5 Nc6 27. Qc5 Qe6
28. Nf4 Qb3 29. Qxc6 exf4 30. gxf4 Qxb2 31. Qe6+ Kh8 32. Rd8 Rb8 33. Rxf8+ Rxf8
34. Qd6 Qb8 35. Qxb8 Rxb8 36. a5 Kg8 37. a6 Kf7 38. Rc1 g5 39. f5 Ke7 40. Re1+
Kd7 41. Re6 Rb1+ 42. Kh2 Ra1 43. Rxf6 h5 44. Rh6 h4 45. f3 Ke7 46. a7 Kf7 47.
Rh8 1-0

[Event "Lichtenberger Sommer 2024"]
[Site "Berlin"]
[Date "2024.08.15"]
[Round "6.15"]
[White "Kutschke, Jens"]
[Black "Matviienko, Mykhailo"]
[Result "1/2-1/2"]
[WhiteElo "1965"]
[BlackElo "2102"]
[PlyCount "120"]
[EventDate "2024.08.10"]
[WhiteTeam "SF Berlin 1903 e.V."]
[BlackTeam "SK Zehlendorf e.V."]

1. e4 c5 2. Nf3 d6 3. d4 cxd4 4. Nxd4 Nf6 5. Nc3 a6 6. Be2 e5 7. Nb3 Be7 8. O-O
O-O 9. Bg5 Be6 10. f4 exf4 11. Rxf4 h6 12. Bxf6 Bxf6 13. Kh1 Be5 14. Rf3 Nc6
15. Rb1 Rc8 16. h3 Qh4 17. Qd2 g5 18. Qe1 Qxe1+ 19. Rxe1 Nb4 20. Bd1 Bxc3 21.
bxc3 Nxa2 22. Ree3 b5 23. Nd4 Kg7 24. Rd3 Rfd8 25. Rg3 b4 26. cxb4 Nxb4 27. Ra3
Nc6 28. Nxe6+ fxe6 29. Rxa6 Ne5 30. Ra7+ Kf6 31. Re3 Rd7 32. Ra6 Rc4 33. c3 Rc8
34. Kh2 Ke7 35. Be2 Rdc7 36. Ra3 Rb8 37. Rg3 Rb2 38. Bh5 Rc2 39. h4 Kf6 40.
hxg5+ hxg5 41. Ra1 Rh7 42. Rf1+ Kg7 43. Rxg5+ Kh6 44. Rg8 Rxc3 45. Bg4 Nxg4+
46. Rxg4 Re7 47. Rh1 Rc5 48. Kg3+ Rh5 49. Rd1 d5 50. exd5 exd5 51. Rd3 Rd7 52.
Rh4 Rxh4 53. Kxh4 Kg6 54. Kg4 Kf6 55. Kf4 Ke6 56. g4 Rg7 57. g5 Rf7+ 58. Kg4
Ke5 59. g6 Ra7 60. Kg5 Ke4 1/2-1/2

[Event "Lichtenberger Sommer 2024"]
[Site "Berlin"]
[Date "2024.08.15"]
[Round "6.16"]
[White "Schmidt, Florian Pascal"]
[Black "Fartmann, Oliver"]
[Result "0-1"]
[WhiteElo "1959"]
[BlackElo "2093"]
[PlyCount "64"]
[EventDate "2024.08.10"]
[WhiteTeam "BSV 63 Chemie Weißensee"]
[BlackTeam "SV Mattnetz Berlin e.V."]

1. e4 c5 2. Nf3 e6 3. d4 cxd4 4. Nxd4 Nc6 5. Nc3 Qc7 6. Be3 a6 7. g4 b5 8. Nxc6
Qxc6 9. f3 Bc5 10. Bd4 Nf6 11. g5 Nh5 12. Qd2 Bxd4 13. Qxd4 O-O 14. O-O-O Rd8
15. e5 Qxf3 16. Qb6 Bb7 17. Be2 Qf4+ 18. Kb1 Bxh1 19. Rxh1 g6 20. Bxh5 gxh5 21.
Qd6 b4 22. Ne2 Qf3 23. Qd1 d6 24. Rf1 Qd5 25. Qe1 dxe5 26. Qf2 Rd7 27. b3 Rc8
28. Rc1 Qc5 29. Qxc5 Rxc5 30. Ng3 Rd4 31. Nxh5 e4 32. Nf6+ Kg7 0-1

[Event "Lichtenberger Sommer 2024"]
[Site "Berlin"]
[Date "2024.08.15"]
[Round "6.17"]
[White "Donath, Johann"]
[Black "Matitschka, Heinz"]
[Result "1-0"]
[WhiteElo "2069"]
[BlackElo "1892"]
[PlyCount "109"]
[EventDate "2024.08.10"]
[WhiteTeam "BSV 63 Chemie Weißensee"]
[BlackTeam "TSG Oberschöneweide e.V."]

1. e4 c5 2. Nf3 e6 3. d4 cxd4 4. Nxd4 Nc6 5. Nc3 Qc7 6. Be3 a6 7. Be2 Nf6 8.
O-O Bb4 9. Nxc6 bxc6 10. f4 d5 11. Bd4 Be7 12. Bd3 h5 13. Kh1 Ng4 14. Bxg7 Rg8
15. Bd4 c5 16. Be5 Bd6 17. Bxd6 Qxd6 18. exd5 Bb7 19. Ne4 Qxd5 20. h3 O-O-O 21.
Qe2 c4 22. hxg4 Rxg4 23. Bxc4 Qxe4 24. Qxe4 Bxe4 25. Bxa6+ Kc7 26. Rf2 Rdg8 27.
Bf1 h4 28. Kh2 f5 29. a4 h3 30. g3 Rxg3 31. Bxh3 Re3 32. Bg2 Rh8+ 33. Kg1 Rg8
34. Rd1 Reg3 35. Rdd2 Kb6 36. Kf1 Ka5 37. Bxe4 fxe4 38. Rg2 e3 39. Rxg3 Rxg3
40. Rd3 Rf3+ 41. Ke2 Rf2+ 42. Kxe3 Rxc2 43. b3 Kb4 44. Ke4 Rc1 45. Re3 Rc5 46.
Kf3 Rc6 47. Kg4 Rd6 48. Kf3 Rc6 49. Kg3 Rd6 50. Kg4 Rc6 51. Kg5 Rd6 52. Kf6 Rd4
53. Ke5 Rd8 54. Rf3 Re8 55. Kd6 1-0

[Event "Lichtenberger Sommer 2024"]
[Site "Berlin"]
[Date "2024.08.15"]
[Round "6.18"]
[White "Verbitsky, Jaroslaw"]
[Black "Bongardt, Livius"]
[Result "1/2-1/2"]
[WhiteElo "2049"]
[BlackElo "1875"]
[PlyCount "63"]
[EventDate "2024.08.10"]
[WhiteTeam "SV Mattnetz Berlin e.V."]
[BlackTeam "TSG Oberschöneweide e.V."]

1. e4 e5 2. Nf3 Nc6 3. Nc3 Nf6 4. d4 exd4 5. Nxd4 Bc5 6. Be3 Bb6 7. Qd2 d6 8.
O-O-O Qe7 9. f3 O-O 10. g4 Be6 11. Be2 Nd7 12. f4 f6 13. h4 Nxd4 14. Bxd4 Bf7
15. g5 Rad8 16. Rdg1 Bxd4 17. Qxd4 c5 18. Qd2 a6 19. h5 fxg5 20. Rxg5 h6 21.
Rg2 Kh8 22. Rhg1 Rg8 23. Bg4 Nf6 24. Qe2 b5 25. Qf3 b4 26. Nd5 Nxd5 27. exd5
Qf6 28. Re2 Rgf8 29. Be6 Bxe6 30. Rxe6 Qxf4+ 31. Qxf4 Rxf4 32. Re7 1/2-1/2

[Event "Lichtenberger Sommer 2024"]
[Site "Berlin"]
[Date "2024.08.15"]
[Round "6.19"]
[White "Nguyen, Phuc Nhat"]
[Black "Rath, Alina"]
[Result "0-1"]
[WhiteElo "1943"]
[BlackElo "2020"]
[PlyCount "74"]
[EventDate "2024.08.10"]
[WhiteTeam "TSG Oberschöneweide e.V."]
[BlackTeam "SK König Tegel 1949 e.V."]

1. e4 c5 2. Nf3 Nc6 3. d4 cxd4 4. Nxd4 Nf6 5. Nc3 d6 6. Nxc6 bxc6 7. e5 dxe5 8.
Qxd8+ Kxd8 9. f4 Nd5 10. Nxd5 cxd5 11. fxe5 Bf5 12. c4 e6 13. cxd5 exd5 14. Bd2
Bc5 15. Bc3 Ke7 16. Rd1 Be4 17. Bd4 Bxd4 18. Rxd4 Ke6 19. Rd2 Kxe5 20. Bd3 f5
21. O-O Rac8 22. Rfd1 Rhd8 23. Kf2 Rd6 24. g3 Rc5 25. Ke3 g5 26. Kf2 a5 27. b3
Rh6 28. Kg1 Rf6 29. Re2 h5 30. Rde1 Rfc6 31. Kf2 Rc1 32. Bb5 R6c2 33. Be8 h4
34. gxh4 gxh4 35. Bh5 d4 36. Rxc1 Rxc1 37. Bf3 d3 0-1

[Event "Lichtenberger Sommer 2024"]
[Site "Berlin"]
[Date "2024.08.15"]
[Round "6.20"]
[White "Kuban, Andreas"]
[Black "Stark, Ingo"]
[Result "0-1"]
[WhiteElo "1866"]
[BlackElo "2020"]
[PlyCount "66"]
[EventDate "2024.08.10"]
[WhiteTeam "SSV Rotation Berlin e.V."]
[BlackTeam "TSG Oberschöneweide e.V."]

1. Nf3 Nf6 2. g3 b5 3. Bg2 Bb7 4. Na3 a6 5. c4 b4 6. Nc2 e6 7. O-O c5 8. a3 a5
9. d4 Na6 10. d5 exd5 11. Nh4 g6 12. b3 Bg7 13. Bb2 O-O 14. cxd5 d6 15. e4 Re8
16. Qd3 c4 17. Qxc4 Rc8 18. Qe2 Nc5 19. Bxf6 Bxf6 20. axb4 axb4 21. Nxb4 Bxa1
22. Rxa1 Qb6 23. Nc2 Bxd5 24. Qg4 Bxe4 25. Ne3 Bxg2 26. Kxg2 Nxb3 27. Nef5 Qc6+
28. Kh3 Nxa1 29. Qd4 Re5 30. f4 Rxf5 31. Nxf5 gxf5 32. Qf6 Qc3 33. Qxf5 Rc5 0-1

[Event "Lichtenberger Sommer 2024"]
[Site "Berlin"]
[Date "2024.08.15"]
[Round "6.21"]
[White "Geldner, Gerrit"]
[Black "Semahin, Volodymyr"]
[Result "1-0"]
[WhiteElo "2009"]
[BlackElo "1715"]
[PlyCount "69"]
[EventDate "2024.08.10"]
[WhiteTeam "SC Kreuzberg e.V."]
[BlackTeam "vereinslos"]

1. c4 Nf6 2. Nc3 e6 3. e4 d6 4. g3 c5 5. Bg2 Nc6 6. Nge2 Be7 7. O-O O-O 8. h3
a6 9. d4 cxd4 10. Nxd4 Qc7 11. Nde2 Rb8 12. a4 Bd7 13. Be3 Na5 14. b3 b5 15.
cxb5 axb5 16. Rc1 Qd8 17. axb5 Bxb5 18. Nxb5 Rxb5 19. Nd4 Rb8 20. Bd2 d5 21.
Bxa5 Qxa5 22. Nc6 Qa3 23. Nxb8 Rxb8 24. exd5 exd5 25. Rc7 Bd6 26. Rc6 Rd8 27.
Qc2 g6 28. Rc8 Rxc8 29. Qxc8+ Kg7 30. Qc3 Bb4 31. Qd3 Qa5 32. Rd1 Bc5 33. Bxd5
Nxd5 34. Qxd5 Qb6 35. Qf3 1-0

[Event "Lichtenberger Sommer 2024"]
[Site "Berlin"]
[Date "2024.08.15"]
[Round "6.22"]
[White "Hommel, Niclas"]
[Black "Reddi, Bhuvana"]
[Result "1-0"]
[WhiteElo "2111"]
[BlackElo "1927"]
[PlyCount "77"]
[EventDate "2024.08.10"]
[WhiteTeam "TSG Oberschöneweide e.V."]
[BlackTeam "SC Weisse Dame e.V."]

1. e4 e5 2. Nf3 Nc6 3. Bc4 Be7 4. d4 d6 5. dxe5 Nxe5 6. Nxe5 dxe5 7. Qh5 g6 8.
Qxe5 Nf6 9. Bh6 Qd6 10. Qxd6 cxd6 11. Nc3 Be6 12. Bb3 O-O-O 13. Rd1 Rhe8 14.
O-O a6 15. f3 Nd7 16. Bf4 Nc5 17. Nd5 Nxb3 18. axb3 Bxd5 19. Rxd5 Rd7 20. Rfd1
Red8 21. c4 f6 22. b4 b6 23. b3 Kb7 24. g4 Kc7 25. Kf2 Kb7 26. c5 Kc6 27. cxd6
Bxd6 28. Bxd6 Rxd6 29. Rxd6+ Rxd6 30. Rxd6+ Kxd6 31. f4 h6 32. Ke3 g5 33. f5
Ke5 34. b5 a5 35. h3 Kd6 36. Kd4 Kc7 37. e5 fxe5+ 38. Kxe5 Kd7 39. Kd5 1-0